000 00646nam a2200229Ia 4500
003 OSt
005 20220928110915.0
006 a|||||r|||| 00| 0
007 ta
008 220927b |||||||| |||| 00| 0 eng d
024 _a93945
037 _cTextual
040 _aSDCL
_cSDCL
_beng
041 _2eng
_aeng
082 _aO15,1NKS,1, L1
100 _aGhimere Krishna Prasad Sharma
_9421041
245 0 _aShri Krishna charitamritam.
260 _aNepal
_bShri Krishna Granthmala Prakashan
_c1971
300 _a552p
_ccm.
942 _hO15,1NKS,1, L1
_cTEXL
_2CC
999 _c737309
_d737309